000 01096 a2200337 4500
003 Nust
005 20170207154046.0
010 _a 2008023493
020 _a0-203-88679-8 (ebook)
020 _a0-415-45875-7 (hardback)
020 _a978-0-203-88679-3 (ebook)
020 _a978-0-415-45875-7 (hardback)
035 _a(OCoLC)ocn231680022
035 _a15318915
040 _cNust
082 0 0 _a658.3/124
245 0 4 _aThe Routledge companion to international business coaching (E-BOOK)
_cedited by Michel C. Moral and Geoffrey Abbott.
260 _aLondon ;
_aNew York :
_bRoutledge,
_c2009.
300 _axxvi, 360 p. :
_bill. ;
_c26 cm.
490 1 _aRoutledge companions
650 0 _aExecutive coaching.
650 0 _aLeadership
650 0 _aLedarskap
650 0 _aMentoring
650 0 _aMentorskap
651 _aThe Routledge companion to international business coaching (E-BOOK)
700 1 _aAbbott, Geoffrey.
700 1 _aMoral, Michel.
830 0 _aRoutledge companions.
856 4 1 _3Table of contents only
_uhttp://www.loc.gov/catdir/toc/ecip0820/2008023493.html
942 _2ddc
_cBK
999 _c192879
_d192879